| 000 | 01075cab a2200253 4500 | ||
|---|---|---|---|
| 001 | ABS38222 | ||
| 008 | 090401t1987 xxu||||| |||| 00| 0 eng d | ||
| 035 | _a(Sirsi) u9319 | ||
| 041 | _aeng | ||
| 100 | _aJones, J. | ||
| 245 | _aProblems of valuing farm rents according to the potential profitability of the holding | ||
| 260 | _c1987 | ||
| 350 | _a0 | ||
| 490 |
_aEstates Gazette _v283(6351) 12 September 1987, 1158-1159(2) |
||
| 520 | _aExamines the requirement of the Agricultural Holdings Act 1986 s12 which states the need for a valuer, when acting as an arbitrator, to consider the "productive capacity of the holding and its related earning capacity". Looks at the farming system and the farm gross margin, farming labour and interest charges and relating profit to rent. | ||
| 650 | _aAGRICULTURAL HOLDINGS ACT 1986 S12 | ||
| 650 | _aPROPERTY-LANDLORD AND TENANT-TENANCIES-AGRICULTURAL TENANCIES | ||
| 650 | _aFARM RENTS | ||
| 650 | _aRENT REVIEWS | ||
| 650 |
_aValuation _96273 |
||
| 690 | _aRATING AND VALUATION | ||
| 942 | _n0 | ||
| 948 | _c04/03/1997 | ||
| 999 |
_c5801 _d5801 |
||